Normal view
MARC view
Entry Meeting Name
001 - CONTROL NUMBER
- control field: 15896
003 - CONTROL NUMBER IDENTIFIER
- control field: OSt
005 - DATE AND TIME OF LATEST TRANSACTION
- control field: 20211105133959.0
008 - FIXED-LENGTH DATA ELEMENTS
- fixed length control field: 211105|| aca||aabn | a|a d
040 ## - CATALOGING SOURCE
- Original cataloging agency: OSt
- Transcribing agency: OSt
111 ## - HEADING--MEETING NAME
- Meeting name or jurisdiction name as entry element: Symposium on the Galactic Center Honoring C. H. Townes
- Location of meeting: Berkeley, California, US
- Date of meeting or treaty signing: 1986 Oct. 25
670 ## - SOURCE DATA FOUND
- Source citation: Work cat.: (OSt): Symposium on the Galactic Center Honoring C. H. Townes Berkeley, California, US 1986 Oct. 25, The galactic center, 1987